[Event "Florianopolis op"]
[Site "Florianopolis"]
[Date "2015.01.14"]
[Round "1"]
[White "Santos Neto, Amazonas"]
[Black "Zini, Jhone Marcelo"]
[Result "0-1"]
[WhiteElo "1634"]
[BlackElo "2082"]
[PlyCount "110"]
[EventDate "2015.01.14"]
[EventType "swiss"]
[EventRounds "10"]
[EventCountry "BRA"]
[SourceTitle "CBM 164 Extra"]
[Source "ChessBase"]
[SourceDate "2015.03.02"]
[SourceVersion "1"]
[SourceVersionDate "2015.03.02"]
[SourceQuality "1"]

1. c4 Nf6 2. Nc3 g6 3. g3 Bg7 4. Bg2 d6 5. d3 e5 6. e4 c6 7. Nge2 Nbd7 8. b4 a5 9. b5 Nc5 10. Ba3 Ne6 11. Qa4 Qd7 12. Bh3 0-0 13. f4 Qc7 14. Bxe6 Bxe6 15. b6 Qxb6 16. Bxd6 Qe3 17. Qc2 Rfd8 18. fxe5 Ng4 19. Nd1 Qf3 20. Rf1 Qg2 21. d4 Bh6 22. Qd3 Nxh2 23. Nf4 Qxf1+ 24. Qxf1 Nxf1 25. Kxf1 Bxc4+ 26. Kf2 Bf8 27. Bxf8 Kxf8 28. Ke3 b5 29. Nb2 Be6 30. Rc1 Rac8 31. a3 b4 32. a4 Kg7 33. Rc5 Bb3 34. g4 f6 35. Rxa5 fxe5 36. Rxe5 Rd7 37. a5 Rcd8 38. Ne2 Ra8 39. Rc5 Rb7 40. Nd3 Bd1 41. Nef4 b3 42. Nb2 Bxg4 43. Nfd3 Bd7 44. Re5 Be8 45. Kd2 Rd7 46. Nc4 Bf7 47. d5 cxd5 48. exd5 Rc7 49. Kc3 Rac8 50. Ndb2 Rc5 51. Kd4 Rb5 52. Nd6 Rb4+ 53. Ndc4 Kf6 54. Nd3 Rcxc4+ 55. Ke3 b2 0-1